| 000 | 00771nam a2200205 i 4500 | ||
|---|---|---|---|
| 001 | 157441 | ||
| 003 | ES-MaACL | ||
| 005 | 20230906210705.0 | ||
| 008 | 040824q18761882fr |||| | fre d | ||
| 040 |
_aCAM _bspa _cCAM |
||
| 100 | 1 |
_aLefebvre, J.G. _9128840 |
|
| 245 | 1 | 4 |
_aLes forêts de l'Europe et de l'Amérique / _cpar J.-G. Lefebvre. |
| 260 |
_aHavre : _b[s.n., _cs.a.] ( _fImprimerie de Maudet, Godefroy & C.) |
||
| 300 |
_a16 p. ; _c22 cm. |
||
| 594 | _aTít. y autor constan en cabecera de primera p. de texto. | ||
| 596 | _aEl impresor ejerce ca. 1876-1882, según consta en BN. Opale Plus. | ||
| 650 | 4 |
_aBosques- _zEuropa. _9164079 |
|
| 650 | 4 |
_aBosques- _zAmérica. _9164080 |
|
| 852 |
_aES-MaACL _jT-378-F-35 _z-- Enc. hol. _z-- Enc. en un vol. facticio |
||
| 999 |
_c157441 _d157441 |
||